Statistics for US Presidents: Years They Were In Office

Click here to take the quiz!

General Stats

  • This quiz has been taken 48 times
  • The average score is 31 of 46

Answer Stats

#PresidentAnswer% Correct
1George Washington1789-1797
83%
2John Adams1797-1801
80%
3Thomas Jefferson1801-1809
80%
4James Madison1809-1817
80%
9William Henry Harrison1841
77%
5James Monroe1817-1825
74%
16Abraham Lincoln1861-1865
74%
17Andrew Johnson1865-1869
74%
18Ulysses S. Grant1869-1877
74%
20James Garfield1881
74%
6John Quincy Adams1825-1829
71%
7Andrew Jackson1829-1837
71%
8Martin Van Buren1837-1841
71%
15James Buchanan1857-1861
71%
19Rutherford B. Hayes1877-1881
71%
24Grover Cleveland1893-1897
71%
25William McKinley1897-1901
71%
26Theodore Roosevelt1901-1909
71%
27William Howard Taft1909-1913
71%
10John Tyler1841-1845
69%
11James K. Polk1845-1849
69%
14Franklin Pierce1853-1857
69%
21Chester A. Arthur1881-1885
69%
22Grover Cleveland1885-1889
69%
23Benjamin Harrison1889-1893
69%
28Woodrow Wilson1913-1921
69%
12Zachary Taylor1849-1850
66%
13Millard Fillmore1850-1853
66%
29Warren G. Harding1921-1923
66%
30Calvin Coolidge1923-1929
63%
31Herbert Hoover1929-1933
63%
32Franklin D. Roosevelt1933-1945
63%
33Harry S Truman1945-1953
63%
34Dwight D. Eisenhower1953-1961
60%
35John F. Kennedy1961-1963
60%
42Bill Clinton1993-2001
60%
43George W. Bush2001-2009
60%
44Barack Obama2009-2017
60%
36Lyndon B. Johnson1963-1969
57%
40Ronald Reagan1981-1989
57%
41George H. W. Bush1989-1993
57%
45Donald Trump2017-2021
57%
37Richard M. Nixon1969-1974
54%
39Jimmy Carter1977-1981
54%
38Gerald R. Ford1974-1977
51%
46Joe Biden2021-present
37%

Score Distribution

Percentile by Number Answered

Percent of People with Each Score

Your Score History

You have not taken this quiz